| 000 | 00857 a2200205 4500 | ||
|---|---|---|---|
| 001 | 57760 | ||
| 005 | 20260407155837.0 | ||
| 008 | 260407a1978 arg spa d | ||
| 003 | AR-UNSa-BCEJYS | ||
| 040 |
_aAR-UNSa-BCEJYS _bspa _cAR-UNSa-BCEJYS |
||
| 080 |
_a338.53 _xPolítica de precios |
||
| 245 | 1 | 0 | _aContabilidad nacional a precios constantes en América Latina |
| 264 | 1 |
_aSantiago de Chile : _bCEPAL (Comisión Económica para América Latina y el Caribe) _c1978 |
|
| 300 |
_a64 p. _c21 cm. |
||
| 505 | _a1. Cuentas nacionales a precios constantes: exámen de prácticas y de los vacios de la información básica – 2. Un sistema de índices de precios y cantidades – 3. Principales índices tradicionales de precios y cantidades | ||
| 041 | _aspa | ||
| 942 | _cBK | ||
| 590 | _aniveau_biblio:m niveau_hierar:0 | ||
| 100 | 1 | _aFracchia, Alberto | |
| 999 |
_c6272 _d6272 |
||